00674nam a22001817a 450000500170000001000150001702000260003203500140005803700090007208200110008110000160009224500430010825000060015126000410015727000780019830000200027650001960029620251016112820.0 aENG-146970 a9789358706291c350.00 aEN-130502 bDBAD a00021 aKeshri Anil aLUCID General Knowledge/cAnil Keshri  a1 aNew DelhibS. Chand Publishingc2024 aA-27, 2nd Floor, Mohan Co-Operative Industrial Estate bNew Delhie110044v a424p.c27cm(pb) aGK Book 2025 for Competitive Exam 1st Edition (Based on NCERT Pattern) | Current Affairs | Pictures, Charts, Tables, Maps | UPSC, State PSC, SSC, Bank, Railways RRB Group D, CDS and NDA Exams